| 000 | 00962nam0a2200301 4500 | ||
|---|---|---|---|
| 001 | RU\NLR\BIBL_A\022471153 | ||
| 005 | 20250630171922.0 | ||
| 010 |
_a978-5-00258-002-6 _930 |
||
| 035 | _a(NLR Aleph) 022471153 | ||
| 090 |
_a13426181 _c13426181 |
||
| 100 | _a20250226d2024 |||y0rusy50 ca | ||
| 101 | 0 | _arus | |
| 102 | _aRU | ||
| 105 | _aa z 000ay | ||
| 181 | 0 |
_ai3 _baxxe |
|
| 182 | 0 | _an | |
| 200 | 1 |
_aВолшебный Новый год _fЕвгений Натаров _gиллюстрации - Илона Почхуа |
|
| 203 |
_aТекст _bвизуальный _cнепосредственный |
||
| 210 |
_aМосква _cПеро _d2024 |
||
| 215 |
_a43 с. _cцв. ил. _d21 см |
||
| 686 | 0 | _aШ9(2)60=Р7-2 | |
| 700 | 1 |
_aНатаров _bЕ. В. _gЕвгений В. |
|
| 702 | 1 |
_aПочхуа _bИ. _gИлона _4440 |
|
| 942 | _cBOOK | ||
| 980 | _aNB | ||